00508 2200205 4500001002100000005001500021007000300036008004100039020001500080035002000095082000800115084001400123100001200137245005300149260003000202300002800232600001200260700001600272856001400288INLIS00000000000771920240605121100ta240605 0  a979489169x a0010-0624000016 a633 a633 SET k0 aSetiadi1 aKentang :bVarietas dan Pembudidayaan /cSetiadi aJakarta :bswadaya,c1993 a89 hlm :bIlus ;c20 cm 4akentang0 aSurya Fitri aKelas 633